00650nam a2200181 i 450000100060000000300090000600500170001500700030003200800410003524500900007626000500016630000210021649000520023750000500028971000430033983000520038285200340043460665ES-MaACL20230906164300.0t|031105s1942 sp ||||1| spa d00aEstadística de las ferias más importantes que se celebran anualmente en España. a[Madrid : bs.n., c1942] (fGráfs. Uguina) a43 p. ; c24 cm.1 aSección de Publicaciones, Prensa y Propaganda aPrecede al tít.: Ministerio de Agricultura.1 aEspaña. bMinisterio de Agricultura.0 aSección de Publicaciones, Prensa y Propaganda aES-MaACLj1920-F-12 bR.29927